000 01547cam a2200409 a 4500
001 1685358
003 OSt
005 20140310181653.0
008 990223s1999 ilua c 000 1 eng
010 _a 99022474
020 _a0807528587 (hardcover)
020 _a0807528595 (paper)
040 _aDLC
_cDLC
_dDLC
042 _alcac
050 0 0 _aPZ 7
_b.W279 1999
082 0 0 _aKF
_b W24g 1999
100 1 _aWarner, Gertrude Chandler,
_d1890-1979.
_93785
245 1 4 _aThe ghost town mystery /
_cWarner, Gertrude Chandler
260 _aMorton Grove, Ill. :
_bA. Whitman,
_cc1999.
300 _a121 p. :
_bill. ;
_c22 cm.
490 1 _aThe Boxcar children mysteries
520 _aWhile visiting a recent purchase of Grandfather's, a ghost town in the Rocky Mountains, the Aldens encounter a mystery involving a run-down motel and a woman who may be a ghost.
541 _j1
562 _e1
650 1 _aGhost towns
_vFiction.
_93786
650 1 _aGhosts
_vFiction.
_93787
650 1 _aBrothers and sisters
_vFiction.
_93788
650 1 _aOrphans
_vFiction.
_93789
650 1 _aMystery and detective stories.
_93790
651 1 _aRocky Mountains
_vFiction.
_93791
700 1 _aTang, Charles,
_eill.
_93792
800 1 _aWarner, Gertrude Chandler,
_d1890-1979.
_tBoxcar children mysteries.
_93793
906 _a7
_bcbc
_corignew
_d1
_eocip
_f19
_gy-gencatlg
942 _2lcc
_cBK-KF
_kKF
999 _c1040
_d1040